000 02029cam a22005294i 4500
003 PE-LiUPU
005 20250731184557.0
008 150706s r 000 0 d
020 _a9788425424991
035 _a(Sirsi) i9788425424991
040 _aPE-LiUPU
_bspa
_cPE-LiUPU
_erda
049 _aPRUA
082 0 4 _a923.137
_bB81
_221
100 1 _aBrandt, Hartwin,
_eautor.
245 1 0 _aConstantino /
_cHartwin Brandt.
264 1 _aBarcelona :
_bHerder,
_c2007.
300 _a185 páginas :
_bilustraciones, mapas ;
_c23 centímetros
336 _atext
_2rdacontent
337 _aunmediated
_2rdamedia
338 _avolume
_2rdacarrier
505 0 _aMito e historia -- Hijo de emperador y usurpador -- Otoño: El "Giro constantiniano" -- Cristianización y monarquización: 312-324 -- Monarca cristiano y soberano del mundo: 324-337 -- Fin y memoria.
526 _aP136
526 _aP135
526 _aP134
526 _aP133
526 _aP144
526 _aP143
526 _aP87
526 _aP35
526 _aP20
526 _aP14
526 _aP10
526 _aP06
541 _g007-0020481;
650 0 4 _aConstantino I
_bEmperador de Roma
_c337 d.C.
650 0 4 _aEmperadores
_zRoma
_vBiografía.
650 0 4 _aHistoria de la iglesia
_yHistoria primitiva y temprana de la iglesia, 30-600.
650 0 4 _aReligión y estado
_zRoma
_xHistoria.
650 0 4 _aRoma
_xHistoria
_yConstantino I, EL Grande,306-337 d.C.
_xHistoriografía.
700 1 _aGonzález, Macarena,
_etr.
910 _agl
_bng
_cjvm
_d20100318
942 _2ddc
_cBOOK
949 _a923.137 B81
_wDEWEY
_c1
_i60897
_lCCODEBUL1
_mBUL
_p29.00
_r0
_sY
_tBOOK
_u2015-7-6
_xTEOLOGIA
_zUNKNOWN
_0COMPRA
_o.STAFF. Colección General
994 _aC0
_bPEPRU
596 _a1
999 _a923.137 B81
_wDEWEY
_c50257
_i60897
_d50257
_e2018-5-15
_f2021-11-11
_g5
_lCCODEBUL1
_mBUL
_n4
_p29.00
_r0
_sY
_tBOOK
_u2015-7-6
_xTEOLOGIA
_zUNKNOWN
_0COMPRA
_o.STAFF. Colección General
980 _81
_gALBERTO SANCHEZ Responsable de Automatización